000 00559nam a2200229Ia 4500
001 18564
003 GE_BSU
008 181216s||||||||xx |||||||||||||| ||und||
020 _a9783407254696
040 _cGE_BSU
080 _a811.112(072)
100 _aGrell, Jochen , Monika Grell:
245 _aUnterrichtsrezepte
260 _aGermany
260 _bBeltz Verlag
260 _c2007
300 _a330p;24cm.
653 _aUnterrichtsrezepte
653 _aგერმანული ენა
653 _aმეთოდიკა
942 _cBK
999 _c51573
_d51573